[Event "Viterbo op 6th"]
[Site "Viterbo"]
[Date "2009.06.01"]
[Round "4"]
[White "Cannada Bartoli, Vincenzo"]
[Black "Calavalle, Giulio"]
[Result "0-1"]
[WhiteElo "2006"]
[BlackElo "2235"]
[PlyCount "92"]
[EventDate "2009.05.30"]
[EventType "swiss"]
[EventRounds "7"]
[EventCountry "ITA"]
[SourceTitle "EXT 2011"]
[Source "ChessBase"]
[SourceDate "2010.11.26"]
[SourceVersion "1"]
[SourceVersionDate "2010.11.26"]
[SourceQuality "1"]

1. c4 g6 2. Nc3 Bg7 3. d3 d6 4. g3 Nc6 5. Bg2 e5 6. Nf3 Nge7 7. 0-0 Bd7 8. Bg5 Qc8 9. Ne4 Ng8 10. Re1 h6 11. Bc1 Nge7 12. Rb1 f5 13. Nc3 g5 14. e3 Ng6 15. Nd2 Nce7 16. Nd5 Be6 17. Nxe7 Nxe7 18. b4 0-0 19. Bb2 f4 20. exf4 gxf4 21. d4 fxg3 22. hxg3 Bf5 23. Rc1 Ng6 24. d5 a5 25. a3 Bg4 26. Qc2 Bf5 27. Be4 Ne7 28. c5 Qe8 29. Qb3 axb4 30. axb4 Qf7 31. Bxf5 Nxf5 32. Ne4 Qg6 33. cxd6 cxd6 34. Rc7 Nh4 35. Re3 Nf5 36. Re1 h5 37. Rxb7 h4 38. b5 hxg3 39. Nxg3 Nh4 40. Re3 Bh6 41. Qd3 Bxe3 42. Qxg6+ Nxg6 43. fxe3 Rab8 44. Rxb8 Rxb8 45. Ba3 Rxb5 46. e4 Rb3 0-1

[Event "Rome Steinitz op 1st"]
[Site "Rome"]
[Date "2002.07.07"]
[Round "5"]
[White "Cannada Bartoli, Vincenzo"]
[Black "Tinari, Marco"]
[Result "1-0"]
[WhiteElo "1572"]
[BlackElo "1860"]
[PlyCount "74"]
[EventDate "2002.07.05"]
[EventType "swiss"]
[EventRounds "5"]
[EventCountry "ITA"]
[SourceTitle "EXT 2007"]
[Source "ChessBase"]
[SourceDate "2006.11.23"]
[SourceVersion "1"]
[SourceVersionDate "2006.11.23"]
[SourceQuality "1"]

1. Nf3 d6 2. d4 f5 3. c4 Nf6 4. Nc3 e6 5. g3 Be7 6. Bg2 0-0 7. Qc2 a6 8. e4 fxe4 9. Nxe4 Nxe4 10. Qxe4 Bf6 11. 0-0 Nc6 12. Be3 d5 13. Qc2 Ne7 14. Rfd1 c6 15. Rac1 Nf5 16. Bf4 Qb6 17. c5 Qa5 18. a3 Qd8 19. Bf1 g5 20. Be5 g4 21. Bxf6 Qxf6 22. Ne5 h5 23. Qd2 Kg7 24. Qf4 Qh6 25. Nd3 Qxf4 26. Nxf4 Kh6 27. Rd3 Bd7 28. Re1 Rae8 29. Re5 Rf6 30. Rd1 Re7 31. Be2 Be8 32. h3 gxh3 33. Nxh3 Bg6 34. Nf4 h4 35. g4 Kh7 36. gxf5 Bxf5 37. Kh2 Rg7 1-0

[Event "Rome Steinitz op 1st"]
[Site "Rome"]
[Date "2002.07.07"]
[Round "4"]
[White "Tomescu, Vlad"]
[Black "Cannada Bartoli, Vincenzo"]
[Result "1-0"]
[WhiteElo "2438"]
[BlackElo "1572"]
[PlyCount "85"]
[EventDate "2002.07.05"]
[EventType "swiss"]
[EventRounds "5"]
[EventCountry "ITA"]
[SourceTitle "EXT 2007"]
[Source "ChessBase"]
[SourceDate "2006.11.23"]
[SourceVersion "1"]
[SourceVersionDate "2006.11.23"]
[SourceQuality "1"]

1. e4 Nf6 2. Nc3 d5 3. e5 d4 4. Nce2 Ng4 5. f4 c5 6. Nf3 Nc6 7. Ng3 g6 8. Bc4 Na5 9. Bb5+ Bd7 10. Qe2 a6 11. Bxd7+ Qxd7 12. Ng5 f5 13. exf6 Nxf6 14. Ne6 Rc8 15. 0-0 Rc6 16. Re1 h6 17. f5 g5 18. Nh5 Rxe6 19. fxe6 Qd6 20. d3 Nc6 21. Bd2 Nxh5 22. Qxh5+ Kd8 23. Qf7 Ne5 24. Rxe5 Qxe5 25. Ba5+ b6 26. Bxb6+ Kc8 27. Ba5 Kb7 28. Re1 Qd5 29. c4 Qc6 30. b4 Qa4 31. Qf3+ Qc6 32. bxc5 Qxf3 33. gxf3 Bg7 34. Rb1+ Kc6 35. Rb6+ Kxc5 36. Rxa6 Rb8 37. a3 Rb1+ 38. Kf2 Rb2+ 39. Ke1 Be5 40. Bb4+ Rxb4 41. axb4+ Kxb4 42. h3 Bd6 43. Rxd6 1-0

[Event "Rome Steinitz op 1st"]
[Site "Rome"]
[Date "2002.07.05"]
[Round "1"]
[White "Quimi, Marco"]
[Black "Cannada Bartoli, Vincenzo"]
[Result "0-1"]
[WhiteElo "2205"]
[BlackElo "1572"]
[PlyCount "85"]
[EventDate "2002.07.05"]
[EventType "swiss"]
[EventRounds "5"]
[EventCountry "ITA"]
[SourceTitle "EXT 2007"]
[Source "ChessBase"]
[SourceDate "2006.11.23"]
[SourceVersion "1"]
[SourceVersionDate "2006.11.23"]
[SourceQuality "1"]

1. e4 Nf6 2. e5 Nd5 3. Nc3 Nxc3 4. bxc3 d6 5. f4 dxe5 6. fxe5 Bf5 7. Nf3 e6 8. Bb5+ c6 9. Be2 Be7 10. 0-0 0-0 11. Rb1 Qc7 12. d4 Nd7 13. Bd3 Bxd3 14. Qxd3 Nb6 15. Bg5 Rad8 16. Qe4 Nd5 17. Rb3 b5 18. Qh4 Bxg5 19. Nxg5 h6 20. Ne4 Ne7 21. g4 Ng6 22. Qg3 Qe7 23. g5 Kh7 24. gxh6 gxh6 25. Nf6+ Kh8 26. Qe3 Kg7 27. Rf3 Rh8 28. Rb1 Nh4 29. Rg3+ Kf8 30. Rg8+ Rxg8+ 31. Qg3 Rxg3+ 32. hxg3 Ng6 33. Kg2 c5 34. Rxb5 cxd4 35. c4 Nxe5 36. Ne4 Nxc4 37. Rb3 Ne3+ 38. Kh3 f5 39. Nf2 Qg5 40. Kh2 f4 41. Ne4 Qh5+ 42. Kg1 Qd1+ 43. Kh2 0-1